LIBRARY & INFORMATION CENTRE, KCAET, TAVANUR

ONLINE PUBLIC ACCESS CATALOGUE (OPAC)

Development and performance evaluation of pomegranate aril separator (Record no. 16313)

MARC details
000 -LEADER
fixed length control field 00608nam a22001937a 4500
003 - CONTROL NUMBER IDENTIFIER
control field OSt
082 ## - DEWEY DECIMAL CLASSIFICATION NUMBER
Classification number 664
Item number AIS/DE
100 ## - MAIN ENTRY--AUTHOR NAME
Personal name Aiswarya, R
100 ## - MAIN ENTRY--AUTHOR NAME
Personal name Aparna, K
100 ## - MAIN ENTRY--AUTHOR NAME
Personal name Rahees, P
100 ## - MAIN ENTRY--AUTHOR NAME
Personal name Siyana, M
100 ## - MAIN ENTRY--AUTHOR NAME
Personal name Sreelakshmi, P
245 ## - TITLE STATEMENT
Title Development and performance evaluation of pomegranate aril separator
260 ## - PUBLICATION, DISTRIBUTION, ETC. (IMPRINT)
Place of publication Tavanur
Name of publisher Department of Process and Food Engineering
Year of publication 2020
700 ## - ADDED ENTRY--PERSONAL NAME
Personal name Prince, M. V
700 ## - ADDED ENTRY--PERSONAL NAME
Personal name Aswathy, M. S
856 ## - ELECTRONIC LOCATION AND ACCESS
Uniform Resource Identifier https://drive.google.com/file/d/177nlOX8tYUx04-hdOjBreK2X_wk24oIl/view?usp=sharing
942 ## - ADDED ENTRY ELEMENTS (KOHA)
Koha item type Project Report
Holdings
Collection code Home library Current library Shelving location Full call number Accession Number Koha item type
General Books KAUAET KAUAET Reference 664 AIS/DE P 474 Project Report
free website counter